Estadísticas para Prueba de Venezuela

Haz click aquí para tomar la prueba!

Estadísticas generales

  • Esta prueba ha sido tomada 1.174 veces
  • La puntuación promedio es 15 de 19

Estadísticas de respuestas

PistaRespuesta% Correcto
CapitalCaracas
99%
Países que limitan con VenezuelaColombia
99%
Idioma oficialEspañol
99%
Países que limitan con VenezuelaBrasil
98%
Países que limitan con VenezuelaGuyana
96%
Presidente de Venezuela, 2013–Nicolás Maduro
93%
Mar en el que se encuentra VenezuelaMar Caribe
91%
El líder de la independencia por quien la moneda es nombradaSimón Bolívar
89%
Supuestamente, Américo Vespucci nombró a Venezuela en honor a esta ciudad europeaVenecia
87%
Venezuela tiene más reservas probadas de esto que cualquier otro paísPetróleo
85%
Presidente de Venezuela, 1999–2012Hugo Chávez
84%
Las cascadas más altas del mundoSalto {Ángel}
84%
El deporte más popularBéisbol
77%
En 2018, esta cifra económica alcanzó el 1.000.000%Inflación
75%
Una isla en ese mar que comparte su nombre con un cóctel popularIsla {Margarita}
57%
La película animada de Pixar que mostraba esas montañasUp
55%
El río más largo / el nombre de una canción de EnyaOrinoco
50%
A veces llamado el lago más grande de Sudamérica,
se considera más a menudo como una bahía oceánica
Lago de {Maracaibo}
46%
Palabra que se refiere a las montañas de la mesa del sureste de Venezuela (Comienza con T)Tepui
22%

Distribución de puntuación

Porcentaje por número respondido

Porcentaje de gente con cada puntuación

Historial de tus puntuaciones

No has tomado esta prueba